00952nam a2200181 a 450000100100000000500170001000800410002704000250006808200150009310000270010824501030013526000440023830000520028295201750033495201190050995201250062899900170075300003065720200930062432.0110525q1947 nw abc 000 | spa d aDO-SdBNPbspacBNPHU axxxbW177j1 aWalker, Stanley95724510aJourney toward the sunlight :ba story of the Dominican Republic and its people /cStanley Walker. aNew York :bCaribbean Library,c[1947]. av, 226, [32] p. :bil., mapas, retrs. ;c21 cm. 001050718MOaGRbGRcHDd2011-05-25iLF1l0oxxx W177jp30657-10r2020-06-25w2020-06-25y1zPerteneció a la biblioteca personal de Julio Ortega Frier.ZNo se presta 001050718MOaGRbGRcCTd2011-05-25iLF1l0oxxx W177jp30657-20r2020-06-25te. 2w2020-06-25y1ZNo se presta 001054708MOaGRbGRcCTd2012-02-28iLF1l0oxxx W177jp30657-30r2020-06-25te. 3w2020-06-25y4ZPréstamo en sala c30149d30149